000 00568nam a2200217Ia 4500
003 OSt
005 20220928144722.0
006 a|||||r|||| 00| 0
007 ta
008 220927b |||||||| |||| 00| 0 eng d
024 _a73230
037 _cTextual
040 _aSDCL
_cSDCL
_beng
041 _2eng
_aeng
082 _aV73,1:91'N7, L9
100 _aCeaser James W
_9509236
245 0 _aPresidential selection
_b Theory and development.
260 _c1979
942 _hV73,1:91'N7, L9
_cTEXL
_2CC
999 _c829135
_d829135